Catalog

Record Details

Catalog Search



In the gap : What it means to be a world Christian /  David Bryant Cover Image Book Book

In the gap : What it means to be a world Christian /  David Bryant

Bryant, David (Author).

Record details

  • ISBN: 0-8307-0952-5
  • Physical Description: 320 s.
  • Edition: 3rd ed.
  • Publisher: Ventura, California :  Regal Books ,  1984

Available copies

  • 1 of 1 copy available at Common Catalog SPOK.

Holds

  • 0 current holds with 1 total copy.
Show Only Available Copies
Location Call Number / Copy Notes Barcode Shelving Location Status Due Date
ETS Library 266.001 424470007038 Volný výběr Available -

LDR 00690nam a2 00253
00140288
003CZ-PrJAB
00520201016113135.0
008000302s1984 xxu e |||| |eng
009us
020 . ‡a0-8307-0952-5
035 . ‡a(CONS)4220
035 . ‡aKPS6707
040 . ‡aABG450
041 . ‡aeng
08214. ‡a266.001
100 . ‡7412 ‡aBryant, David
245 . ‡aIn the gap : ‡bWhat it means to be a world Christian /  ‡nDavid Bryant
250 . ‡a3rd ed.
260 . ‡aVentura, California :  ‡bRegal Books ,  ‡c1984
300 . ‡a320 s.
653 . ‡agap ‡awhat it means to be a world Christian
8524 . ‡bETS ‡bETS ‡cVolný výběr ‡j266.001 ‡gA ‡p424470007038
910 . ‡aABG450
999 . ‡a4220 ‡bAUTOGEN ‡c4220 ‡tbiblio
905 . ‡uadmin
901 . ‡a40288 ‡bCZ-PrJAB ‡c40288 ‡tbiblio ‡sets

Additional Resources